000 00955nas a2200289 4500
001 BR2012008995
003 BR-BrBNA
005 20231205121531.0
007 ta
008 230509b bl.|||p| |||| 00| 00por d
040 _aBR-BrBNA
_bpor
_cBiblioteca Nacional de Agricultura
041 _a(Pt)
072 _aK10
100 1 _aChagas, R.S. das
100 1 _aGomes, J.M.
100 1 _aCarvalho, J.O.P. de
100 1 _aFerreira, J.E.R.
245 1 _aSobrevivência e crescimento de plântulas de Manilkara huberi Chevallier durante cinco anos em clareiras causadas pela explosão de impacto reduzido na Amazônia brasileira
650 _aMAÇARANDUBA
650 _aMUDA
650 _aCRESCIMENTO
650 _aREGENERAÇÃO NATURAL
650 _aSILVICULTURA
773 0 _tScientia Forestalis (Brazil)
_xISSN 1413-9324
_g(Sep 2012), v. 40(95) p. 417-424
_wBR2012008995
909 _a202311
_bLúcia
_c55
_dLúcia Elande
942 _2AGRIS
_n0
_cANA
999 _c224004
_d224004